000 00952nam a2200229 a 4500
001 49117
003 BD-RjUL
005 20211209054634.0
008 160817s1987 BG ||||| |||| 00| 0 ben d
020 _c:TK. 50.00
035 _a(BD-RjUL)49236
040 _aBD-RjUL
_bben
_cBD-RjUL
041 _aben
082 _223
_a891.44108
_bMUK 1987
245 0 0 _aমুক্তিযুদ্ধ :
_cসাইফুল্লাহ মাহমুদ দুলাল , সম্পাদিত
_bনির্বাচিত কবিতা /
260 _aঢাকা :
_bনওরোজ কিস্তিবিতান,
_c১৯৮৭
300 _a১৬৪ পৃ. ;
_c১৭ সেমি.
650 _aবাংলা কবিতা
_9147674
_xসংগ্রহ
650 _aBengali Poetry
_9147702
_xCollection
700 _aদুলাল, সাইফুল্লাহ মাহমুদ, সম্পাদিত
_9147723
942 _2ddc
_cBK
999 _c49117
_d49117